[Event "21st Dubai Open 2019"]
[Site "Dubai"]
[Date "2019.04.03"]
[Round "3.19"]
[White "Sidhant, Mohapatra"]
[Black "Aravindh, Chithambaram VR."]
[Result "1/2-1/2"]
[WhiteElo "2348"]
[BlackElo "2602"]
[Annotator "TA"]
[PlyCount "250"]
[EventDate "2019.04.01"]
[EventType "swiss"]
[EventCountry "UAE"]
[SourceTitle "playchess.com"]
[Source "ChessBase"]
[SourceQuality "1"]

{[%evp 16,250,4,0,0,0,0,0,10,12,19,-23,0,0,0,0,0,0,-11,-9,-9,-5,12,-14,0,-8,18,0,0,-4,4,0,0,-10,-3,-22,-17,-22,-26,-55,-13,-39,-19,-61,-61,-64,-64,-61,-44,-46,-36,-60,-60,-61,-61,-67,-61,-85,-85,-85,-85,-78,-60,-77,-22,-75,-75,-75,-60,-75,-71,-93,-81,-93,-93,-101,-101,-101,-101,-101,-101,-101,-101,-101,-101,-101,-101,-101,-101,-101,-101,-101,-101,-101,-101,-101,-101,-101,-101,-101,-100,-100,-41,-41,-20,-44,-45,-32,-16,-54,0,0,0,0,0,-54,-54,-54,-54,-79,-54,-99,-79,-87,-23,-100,-100,-100,-100,-281,-101,-205,-214,-204,-204,-204,-209,-201,-174,-193,-181,-187,-40,-53,-40,-41,-3,-3,-8,-8,-8,-9,0,-3,0,-136,-27,-136,-131,-187,-205,-185,-177,-201,-169,-200,-192,-159,-137,-436,-448,-958,-298,-295,-281,-706,-686,-626,-403,-478,-433,-450,-412,-374,-14,-14,-14,-14,-14,-14,-14,-14,-8,-8,-8,-8,-8,-14,-8,-8,-8,-8,-8,-8,-8,-8,-8,-8,-8,-8,0,-8,0,-8,-8,-8,-8,-8,-8,-8,-8,-8,-8,-8,-8,-8,-8,-8,-8,-8,-8,-8,-8,-8,-8,-8,8]} 1. Nf3 Nf6 2. d4 g6 3. Bg5 Bg7 4. Nbd2 d5 5. e3 O-O 6. Bd3 c5 7. c3 Nc6 8. O-O Qb6 9. Qb3 c4 {D03: 1 d4 d5 2 Nf3 Nf6 3 Bg5, including Torre Attack with early ...d5} 10. Qxb6 axb6 11. Bc2 Bf5 12. Bxf5 (12. Ne1 Bxc2 13. Nxc2 h5 14. Bxf6 Bxf6 15. b3 b5 16. Rfb1 Ra7 17. a4 cxb3 18. Nxb3 bxa4 {1-0 (66) Vaibhav,S (2556)-Mohammad,N (2415) Abu Dhabi 2016}) 12... gxf5 13. Nh4 $146 ({Predecessor:} 13. Ne5 Rfd8 14. Nxc6 bxc6 15. Nf3 Re8 16. Bxf6 Bxf6 17. a3 {½-½ (67) Mishuchkov,N (2320)-Malakhov,I (2440) Pardubice 2015}) 13... Ne4 14. Nxe4 fxe4 15. Nf5 e6 16. Nxg7 Kxg7 17. f3 f6 18. Bh4 Ne7 19. Bg3 Rf7 20. a3 Ng6 21. Kf2 h5 22. Ke2 Ra5 23. Rad1 Rd7 24. Rd2 Ne7 25. fxe4 dxe4 26. Rf4 $1 {[%cal Rf4e4]} f5 27. Rf1 Ng6 28. Bf4 Ra8 29. Ke1 Kf6 30. g3 Rg8 31. Rdf2 Kf7 32. Bg5 Rd5 33. Bf4 Ke7 34. Kd2 Kd7 35. Kc1 Ra5 36. Bh6 Ne7 37. Bf4 Nd5 38. Kc2 Rb5 39. Re2 Ra8 (39... Rg6 $17) 40. Bh6 (40. h3 $11 {remains equal.}) 40... Rb3 $17 41. Ra1 Kc6 42. Bg5 Rb5 43. Ree1 Rba5 44. Kd2 Rg8 45. Bh4 Raa8 46. Reb1 Ra4 47. Rg1 Rg4 48. Rge1 Ra8 49. Re2 Rg6 50. Rf1 Rf8 51. Kc2 Kd7 52. Kd2 Rgg8 53. Kc2 Ra8 54. Kd2 Ke8 55. Ra1 Kf7 56. Rf1 Ra5 57. Ra1 Nc7 58. Ree1 Rd5 (58... Rb5 $17 59. Reb1 Rb3) 59. Reb1 $15 Nb5 60. Rf1 Nd6 61. Kc2 Ra5 62. Rfd1 Rb5 (62... Nb5 $15) 63. Rdb1 $11 Ra8 64. Bg5 Ne8 65. Re1 ({White should play} 65. a4 $11 Rba5 66. b3) 65... Nc7 $15 66. Bf4 Nd5 67. Bg5 Rba5 68. Bh4 Kg6 69. Kd2 Rb5 (69... Rc8 $17) 70. Kc2 (70. b4 $1 $11 Nf6 71. Rh1) 70... Rb3 $17 71. Re2 b5 {[%cal Bb6b5,Bb5b4][%mdl 32]} 72. Rc1 $2 {[#]} (72. Rae1 $17) 72... Ra4 $2 (72... b4 $1 $19 {[%cal Rb4c3][%mdl 512] and Black stays clearly on top.} 73. axb4 Ra2) 73. Kd1 (73. Rce1 $17 {only move.}) 73... b4 $1 $19 {[%cal Rb4c3]} 74. axb4 Ra2 75. Rcc2 Nb6 $1 76. Red2 Na4 77. d5 exd5 $1 78. Rxd5 Rbxb2 ({Better is} 78... Nxb2+ $19 79. Kd2 Ra1 80. Rd6+ Kf7) 79. Rd6+ $15 Kf7 80. Rxb2 $1 Rxb2 {[%mdl 4096] Endgame KRB-KRN} 81. Bf6 $1 Rxh2 {White must now prevent ...h4!} 82. Bd4 $1 Ke7 83. Rd5 Nb2+ 84. Ke1 Nd3+ 85. Kf1 (85. Kd1 $11) 85... Rf2+ $17 86. Kg1 {[#]} Rf3 $1 {[%cal Rf3g3]} 87. Kh2 {[#]} (87. Rb5 $17) 87... Nf2 $1 $19 88. Rb5 Ng4+ 89. Kh3 Nxe3 90. Rxb7+ Kd6 91. Rb6+ Kd7 92. Rg6 $2 {[%mdl 8192]} (92. Rb7+ $17 Kd6 93. Rb6+ Kc7 94. b5) 92... Nd5 93. Be5 (93. Rg7+ $142 Kc6 94. Rf7) 93... Nxc3 $2 (93... e3 94. Rd6+ Kc8) 94. Rd6+ Ke7 95. Rc6 $2 (95. Kg2) 95... Nd5 {And now ...e3 would win.} 96. Rxc4 Ke6 97. Bb8 e3 {Strongly threatening ...e2.} 98. Rc6+ Kf7 {( -> ...e2)} 99. Rc2 {intending Kg2.} Nxb4 $2 ({Black should try} 99... f4 $19 100. Kh2 Nxb4) 100. Re2 $11 {The position is equal.} Nc6 101. Bf4 Nd4 102. Rxe3 Rf2 {aiming for ...Nf3.} 103. Re5 Kf6 {Hoping for ...Nf3.} (103... Kg6 {feels hotter.} 104. Be3 Rh2+ 105. Kxh2 Nf3+ 106. Kg2 Nxe5 107. Bf4 Nc4) 104. Be3 $1 {[%cal Re3d4]} Kxe5 105. Bxf2 {KB-KN} Nf3 106. Ba7 Ke4 107. Kg2 Ng5 {Threatening ...f4.} 108. Bb6 Ne6 109. Ba7 Nf8 110. Bc5 Ng6 111. Ba7 Ne5 112. Kh3 Nf3 113. Kg2 $1 Ng5 {next ...f4 is good for Black.} 114. Bb6 Kd3 115. Kf2 Kc4 116. Ba7 Kd5 117. Bb6 Nf7 118. Kf3 Ke5 119. Ba5 Ng5+ 120. Kg2 Ne6 121. Bc3+ $1 Ke4 {White should prevent ...f4.} 122. Ba5 Ke3 123. Bb6+ Ke2 124. Kh3 Kf3 125. Kh4 Nd4 {Accuracy: White = 50%, Black = 53%.} 1/2-1/2

[Event "21st Dubai Open 2019"]
[Site "Dubai"]
[Date "2019.04.03"]
[Round "3.20"]
[White "Can, Emre"]
[Black "Nitin, S.."]
[Result "1-0"]
[WhiteElo "2599"]
[BlackElo "2400"]
[Annotator "TA"]
[PlyCount "61"]
[EventDate "2019.04.01"]
[EventType "swiss"]
[EventCountry "UAE"]
[SourceTitle "playchess.com"]
[Source "ChessBase"]
[SourceQuality "1"]

{[%evp 16,61,61,53,43,31,19,0,0,0,9,-6,-4,-18,0,-22,65,31,53,54,52,50,51,43,48,44,103,114,115,117,105,97,186,114,327,306,363,363,363,362,361,343,347,333,475,445,29990,29991]} 1. d4 Nf6 2. c4 g6 3. Nc3 Bg7 4. e4 d6 5. Be2 O-O 6. Be3 Na6 7. Nf3 e5 8. O-O c6 9. Re1 Re8 {E94: King's Indian: Classical: 6 Be2 e5 7 0-0: Various Black 7th moves} (9... exd4 10. Nxd4 Re8 11. f3 Nc5 12. Bf1 a5 13. Qd2 Qe7 14. Rad1 Nfd7 15. Nde2 Be5 16. Ng3 a4 17. Bg5 Qf8 18. Bh6 Qe7 19. Bg5 Qf8 20. Bh6 Qe7 {0-1 (74) Jakovenko,D (2747)-Nenezic,M (2495) Batumi 2018}) 10. dxe5 Ng4 $1 11. exd6 $146 {aiming for Bc1.} ({Predecessor:} 11. Qxd6 Nxe3 12. Qxd8 Rxd8 13. fxe3 Re8 14. Rad1 Nc5 15. Rd6 Bg4 16. b4 Nd7 17. h3 {½-½ (29) Gleizerov,E (2572)-Damljanovic,B (2551) Obrenovac 2010}) 11... Nxe3 {The position is equal.} 12. fxe3 Bg4 13. Qd2 Nc5 14. Rad1 a5 15. h3 Bd7 (15... Bxf3 $1 $11 16. gxf3 (16. Bxf3 Be5 $15) 16... Be5) 16. Qc2 Qb6 17. Bd3 a4 18. Kh1 Qb4 {Hoping for ...a3.} 19. a3 Qa5 20. Rf1 Re6 (20... Rad8 $14) 21. e5 $1 $16 Bxe5 22. Nxe5 Rxe5 23. Qf2 $36 {[%mdl 2048] White is on the roll.} f5 {[#]} (23... Be6 $16) 24. Bc2 (24. e4 $1 $18 {[%mdl 512]}) 24... Qb6 $2 {[#]} (24... Rae8 $16) 25. e4 $1 $18 {[%mdl 512]} Qxb2 (25... Nxe4 26. Qxb6) 26. exf5 Bxf5 27. Qg3 ({Stronger than} 27. Bxf5 Qxf2 28. Rxf2 gxf5 $11) 27... Bxc2 28. Qxe5 {White threatens d7 and mate.} Bxd1 29. Rxd1 Rd8 (29... Qf2 {might work better.} 30. Ne4 (30. d7 Rd8 $16) 30... Nxe4 31. Qxe4 Qf7) 30. Qe7 ({Less strong is} 30. Qxc5 Qxc3 31. Qg5 Rd7 $18) 30... Rd7 {[#]} (30... Rf8 $18 31. d7 Nxd7) 31. Rf1 $1 {[%mdl 512] Accuracy: White = 65%, Black = 28%.} 1-0

[Event "21st Dubai Open 2019"]
[Site "Dubai"]
[Date "2019.04.03"]
[Round "3.21"]
[White "Debashis, Das"]
[Black "Shailesh, Dravid"]
[Result "1-0"]
[WhiteElo "2538"]
[BlackElo "2316"]
[Annotator "TA"]
[PlyCount "133"]
[EventDate "2019.04.01"]
[EventType "swiss"]
[EventCountry "UAE"]
[SourceTitle "playchess.com"]
[Source "ChessBase"]
[SourceQuality "1"]

{[%evp 16,133,19,0,0,0,0,0,13,0,19,17,16,0,0,0,6,-10,0,-40,-42,-46,-39,-35,0,0,0,-20,-16,-44,4,0,0,-22,0,0,35,25,70,33,40,31,116,94,117,22,42,15,14,14,13,18,31,0,33,31,31,31,31,33,32,31,69,56,88,27,35,11,17,16,16,15,55,58,212,212,218,206,191,191,191,158,191,191,191,191,218,218,353,191,191,184,559,562,535,535,949,670,789,533,1082,983,958,874,798,729,2284,1823,1914,1686,1043,850,2211,1634,1222,1499,29982,29981,29981,29978]} 1. d4 Nf6 2. c4 g6 3. Nf3 Bg7 4. e3 O-O 5. Be2 d6 6. O-O Nbd7 7. Nc3 e5 8. Qc2 Re8 9. b4 a5 {E61: King's Indian: Early deviations for White, including Smyslov System} (9... Qe7 10. Bb2 e4 11. Nd2 h5 12. Rac1 h4 13. Rfd1 h3 14. g3 c6 15. Nb3 a6 16. d5 cxd5 17. Nxd5 Nxd5 18. Rxd5 Bxb2 19. Qxb2 {0-1 (41) Lalith,B (2537)-Yu,Y (2724) Caleta 2015}) 10. b5 exd4 11. Nxd4 Nc5 {The position is equal.} 12. Bb2 Bg4 13. Rad1 Bxe2 14. Qxe2 (14. Ndxe2 {looks sharper.} Qe7 15. Nf4 c6 16. Na4 Qe4 17. Qxe4 Nfxe4 18. Nxc5 dxc5 19. Bxg7 Kxg7 20. Rd7) 14... Qe7 15. Rfe1 $146 ({Predecessor:} 15. Nd5 Nxd5 16. cxd5 Qe5 17. Qc4 Qe4 18. Ba3 b6 19. Rc1 Qh4 {½-½ (19) Lombardy,W-Byrne,R New York 1969}) 15... a4 {[%cal Ba5a4,Ba4a3][%mdl 32]} 16. f3 a3 17. Bc1 Na4 18. Rd3 Nxc3 19. Rxc3 {[#]} Nd5 $1 {[%mdl 512]} 20. cxd5 Bxd4 $1 {[%mdl 64] Pin} 21. Rb3 Bc5 22. Qc4 Qe5 23. Kh1 Qa1 24. Rd3 Qg7 25. Rdd1 Re5 26. e4 Rh5 27. g4 Qf6 {[%cal Rf6f3]} 28. Rf1 Rh3 {[#]} ({Black should play} 28... Re5 $14) 29. Kg2 $1 $16 {[%cal Rg2h3]} Rh4 30. Bd2 (30. h3 $16) 30... h5 $1 $11 {[%cal Rh5g4]} 31. Be1 {And now e5 would win.} hxg4 32. Bxh4 Qxh4 33. Qe2 Qh3+ 34. Kh1 g3 (34... Ra4 {feels hotter.} 35. fxg4 Rb4 36. Qf3 Qxf3+ 37. Rxf3 Rb2) 35. Qg2 Qxg2+ 36. Kxg2 gxh2 37. Kxh2 $14 {[%mdl 4096] Endgame KRR-KRB} Ra4 38. Rb1 Rc4 {Hoping for ...Rc2+.} 39. Rfc1 Rd4 {[#]} 40. Rc2 (40. Rd1 $1 $16) 40... f5 41. Re1 fxe4 42. Rxe4 Rxd5 43. Re7 Rh5+ 44. Kg3 Rh7 $2 (44... Bb6 $14) 45. Rxh7 $18 Kxh7 {KR-KB} 46. Kf4 Kg7 47. Kg5 {[%mdl 1024] White has strong compensation.} Kf7 48. Rc4 Be3+ 49. f4 Bc5 50. Rc2 Kg7 51. Rc3 b6 (51... c6 $142 52. bxc6 bxc6) 52. Rd3 (52. f5 $142) 52... Kf7 53. Rh3 {Strongly threatening Rh7+.} Bd4 $2 (53... d5 {is a better chance.} 54. Rh7+ Ke6) 54. Rxa3 Bf6+ 55. Kg4 Ke6 56. Re3+ Kf7 57. Re2 Bd4 58. Kf3 Bc5 59. Ke4 Ke6 60. Rg2 d5+ 61. Kf3 Kf6 62. Rg5 d4 63. Ke4 Bd6 64. Rd5 Bc5 65. a4 Bd6 66. a5 bxa5 67. b6 {Accuracy: White = 61%, Black = 47%.} 1-0

[Event "21st Dubai Open 2019"]
[Site "Dubai"]
[Date "2019.04.03"]
[Round "3.22"]
[White "Charkhalashvili, Inga"]
[Black "Deepan Chakkravarthy J."]
[Result "0-1"]
[WhiteElo "2338"]
[BlackElo "2534"]
[Annotator "TA"]
[PlyCount "72"]
[EventDate "2019.04.01"]
[EventType "swiss"]
[EventCountry "UAE"]
[SourceTitle "playchess.com"]
[Source "ChessBase"]
[SourceQuality "1"]

{[%evp 12,72,10,16,12,-17,8,0,3,0,0,0,16,12,17,16,7,-7,-8,-14,0,0,9,8,2,0,5,0,4,0,25,25,25,18,52,47,43,17,21,8,19,9,13,0,0,-31,-28,-68,-65,-172,-176,-169,-175,-168,-172,-337,-178,-320,-158,-1425,-820,-29991,-29989]} 1. d4 Nf6 2. c4 e6 3. Nf3 b6 {[%cal Bb7b6,Bb6b5][%mdl 32]} 4. g3 Ba6 5. b3 b5 6. Bg2 bxc4 7. Ne5 Bb4+ $1 {E15: Queen's Indian: 4 g3 sidelines, 4 g3 Ba6 and 4 g3 Bb7 early deviations} 8. Kf1 (8. Bd2 cxb3 9. axb3 Bxd2+ 10. Qxd2 c6 11. O-O O-O 12. Nc3 Nd5 13. Ne4 Qe7 14. Rfc1 d6 15. Nxc6 Nxc6 16. Rxa6 {1-0 (47) Korobov,A (2652)-Ivanchuk,V (2726) Huaian 2017}) 8... c6 9. bxc4 O-O {The position is equal.} 10. Bd2 Bxd2 11. Nxd2 d6 $146 ({Predecessor:} 11... d5 12. Bf3 Nfd7 13. Nxd7 Nxd7 14. Qa4 Qc8 15. cxd5 cxd5 {½-½ (31) Bachmann,A (2603)-Sandalakis,A (2430) Rhodes 2015}) 12. Nxc6 ({Reject} 12. Bxc6 Nxc6 13. Nxc6 Qc7 $17) 12... Nxc6 13. Bxc6 Rc8 14. Bf3 Bxc4 15. Qa4 Bd5 16. Kg2 e5 17. dxe5 dxe5 {And now ...e4! would win.} 18. Rhd1 Qe7 {Hoping for ...e4.} 19. Bxd5 Nxd5 20. Ne4 {[%cal Bd2e4,Be4c3,Bc3b5][%mdl 32]} Nb6 21. Qb3 Qb7 22. Qf3 Qa6 23. a4 Nc4 24. Nc3 f5 25. Qd5+ Kh8 26. Kg1 h6 27. Nb5 f4 28. Rd3 Qb6 29. a5 Qf6 {White must now prevent ...e4!} 30. Qe4 (30. Rf1 $15) 30... a6 $19 {Threatens to win with ...fxg3.} 31. Nc3 Nd6 $1 {[%cal Rd6e4]} 32. Qb4 fxg3 $40 {[%mdl 128] Black attacks with force.} 33. fxg3 $2 {[#]} (33. Rxg3 Qxf2+ 34. Kh1) 33... Qf2+ $1 34. Kh1 {[#]} Nb5 $1 {[%mdl 512]} 35. e3 $2 ({But not} 35. Nxb5 $2 Qxe2 36. Kg1 Qxd3 $19) (35. Qb2 $17) 35... Qc2 36. Nxb5 Qxd3 {[%mdl 64] Double Attack. Accuracy: White = 26%, Black = 57%.} 0-1

[Event "21st Dubai Open 2019"]
[Site "Dubai"]
[Date "2019.04.03"]
[Round "3.23"]
[White "Jeet, Jain"]
[Black "Venkatesh, M.R."]
[Result "0-1"]
[WhiteElo "2219"]
[BlackElo "2517"]
[Annotator "TA"]
[PlyCount "90"]
[EventDate "2019.04.01"]
[EventType "swiss"]
[EventCountry "UAE"]
[SourceTitle "playchess.com"]
[Source "ChessBase"]
[SourceQuality "1"]

{[%evp 14,90,5,5,5,5,14,0,32,33,30,34,52,45,64,50,85,80,122,42,50,32,41,-33,-26,-41,-50,-245,-255,-258,-248,-272,-235,-296,-201,-219,-251,-249,-242,-460,-460,-458,-457,-468,-473,-464,-462,-466,-448,-431,-495,-497,-494,-478,-467,-639,-632,-628,-625,-617,-609,-605,-597,-585,-572,-723,-718,-829,-821,-29970,-29967,-29976,-29977,-29977,-29978,-29990,-29991,-29991,-29988]} 1. e4 e5 2. Nf3 Nc6 3. Bc4 Nf6 4. d3 Bc5 5. c3 d6 6. Bb3 h6 7. O-O O-O 8. h3 a5 {C54: Giuoco Piano: 4 c3 Nf6, main lines with 5 d4 and 5 d3} 9. Re1 Ba7 10. Nbd2 Ne7 {The position is equal.} 11. Nf1 Ng6 12. Ng3 b5 {[%cal Bb7b5,Bb5b4,Bb4c3][%mdl 32]} 13. a4 $146 ({Predecessor:} 13. d4 Re8 14. Bc2 c5 15. Be3 Bb7 16. dxe5 dxe5 {0-1 (38) Van Foreest,J (2609)-Harikrishna,P (2733) Germany 2018}) 13... c6 14. d4 Qc7 15. Be3 Kh7 16. Nh2 ({White should try} 16. axb5 $16 cxb5 17. Nh5) 16... Rb8 17. Rb1 b4 18. dxe5 (18. Nf3 $14) 18... dxe5 $15 19. Bxa7 Qxa7 20. Nf5 $2 {[#]} ({Better is} 20. Bc4 $15) 20... Nxe4 $1 $19 {[%mdl 512]} 21. Ne3 (21. Rxe4 Bxf5) 21... bxc3 {White must now prevent ...Nd2.} 22. Nf3 Ba6 {Strongly threatening ...Rfd8.} 23. Qc2 Rfd8 24. Bc4 Bxc4 $1 25. Nxc4 f5 $1 26. Rxe4 $2 (26. bxc3 Rxb1 27. Rxb1) 26... fxe4 27. Qxe4 {[#]} Rd4 $1 {[%cal Rd4e4]} 28. Qc2 (28. Nxd4 Qxd4) 28... e4 ({Not} 28... Rxc4 29. Nxe5 Rf4 30. Qxg6+ Kh8 31. bxc3 $19) 29. Nxd4 Qxd4 30. b3 {and if Rd1 works, White does fine.} Qd3 31. Rc1 {[#]} Nf4 $1 {[%cal Rf4e2]} 32. Ne5 Qxc2 33. Rxc2 Rxb3 34. Nxc6 {[%mdl 4096] Endgame KRN-KRN} Rb2 35. Nd4 {[#]} Ne6 $1 {[%mdl 512]} 36. Rxc3 (36. Nxe6 Rxc2) 36... Nxd4 {KRN-KR} 37. Rc5 Ne2+ 38. Kh2 Nf4 39. Kg3 Nd3 40. Rxa5 Rxf2 {aiming for ...e3.} 41. Rd5 Rf6 {Black mates.} 42. Kh2 Re6 43. a5 e3 44. a6 e2 45. a7 Ra6 {Accuracy: White = 45%, Black = 64%.} 0-1

[Event "21st Dubai Open 2019"]
[Site "Dubai"]
[Date "2019.04.03"]
[Round "3.24"]
[White "Vishnu Prasanna. V"]
[Black "Mulenga, Prince Daniel"]
[Result "1-0"]
[WhiteElo "2515"]
[BlackElo "2252"]
[Annotator "TA"]
[PlyCount "59"]
[EventDate "2019.04.01"]
[EventType "swiss"]
[EventCountry "UAE"]
[SourceTitle "playchess.com"]
[Source "ChessBase"]
[SourceQuality "1"]

{[%evp 14,59,50,54,67,65,68,58,65,65,57,60,67,51,77,81,93,55,85,49,105,85,152,142,158,143,178,184,533,513,524,517,525,531,523,503,783,773,876,604,584,559,29973,29974,29974,29974,29997,29998]} 1. e4 c5 2. Nf3 e6 3. d4 cxd4 4. Nxd4 a6 5. c4 Nf6 6. Nc3 d6 7. g3 Qc7 {B41: Sicilian: Kan Variation: 5 c4} 8. Be3 {LiveBook: 6 Games} Nbd7 9. Rc1 h5 $146 {White is slightly better.} ({Predecessor:} 9... Be7 10. Bg2 Ne5 11. O-O O-O 12. b3 Bd7 13. h3 Qb8 14. a4 Rd8 15. Re1 Nc6 {1-0 (45) Georgiev,K (2662)-Maze,S (2564) Marrakesh 2010}) 10. h3 b6 11. Bg2 {Threatens to win with e5!} Bb7 12. O-O Rc8 13. f4 $36 {[%mdl 2048] White is more active.} Qb8 14. Qe2 Be7 15. Bf2 Qa8 16. Rfe1 Nc5 (16... g6 $14) 17. Nd5 exd5 (17... Bd8 $142) 18. exd5 $16 {[%csl Ge1][%cal Re2e7]} O-O {[#]} 19. Nf5 $1 {[%cal Rf5e7]} (19. Qxe7 Nd3 $11) 19... Rfe8 {Hoping for ...Bf8.} 20. Nxe7+ Kf8 $2 (20... Rxe7 {is tougher.} 21. Qxe7 Nd3) 21. Bd4 $18 Ncd7 22. Rc3 b5 {intending ...Rxc4.} 23. b3 {[%cal Bb2b3,Bb3c4][%mdl 32]} bxc4 24. bxc4 Rc7 (24... a5 $142 25. Re3 Ba6 26. Nxc8 Rxc8) 25. Re3 Qd8 26. Nf5 Rxe3 27. Qxe3 Nc5 28. Bxf6 {White mates.} gxf6 29. Qf3 Bc8 30. Qxh5 {Precision: White = 84%, Black = 42%.} 1-0

[Event "21st Dubai Open 2019"]
[Site "Dubai"]
[Date "2019.04.03"]
[Round "3.25"]
[White "Kunal, M.."]
[Black "Nguyen, Anh Khoi"]
[Result "1/2-1/2"]
[WhiteElo "2273"]
[BlackElo "2481"]
[Annotator "TA"]
[PlyCount "129"]
[EventDate "2019.04.01"]
[EventType "swiss"]
[EventCountry "UAE"]
[SourceTitle "playchess.com"]
[Source "ChessBase"]
[SourceQuality "1"]

{[%evp 27,129,8,16,26,16,-10,5,0,-2,-6,-6,-36,-38,-36,-31,-115,-58,-58,-33,-36,-23,-34,-34,-34,-34,-37,-5,-4,0,0,0,0,0,-45,-45,-55,-53,-47,0,0,0,0,0,0,0,0,0,0,0,0,0,0,0,0,10,41,51,51,190,188,210,0,0,0,0,0,0,0,0,0,0,0,0,0,0,0,0,0,0,0,0,0,0,0,0,0,0,0,0,0,0,0,0,0,0,0,0,0,0,0,0,0,0,0]} 1. e4 c5 2. Nf3 d6 3. d4 cxd4 4. Nxd4 Nf6 5. Nc3 a6 6. Be2 e6 7. O-O Be7 8. f4 O-O 9. Be3 Qc7 10. Bf3 Nc6 11. Nxc6 bxc6 12. Na4 Bb7 13. c4 c5 14. Nc3 Nd7 15. Qe1 {B85: Sicilian Scheveningen: 6 Be2 a6, lines with early Be3} (15. Qc2 Nb8 16. Rad1 Nc6 17. Qf2 Rfd8 18. Kh1 Rab8 19. b3 Qa5 20. Na4 e5 21. Bh5 f6 22. f5 Nd4 23. Qh4 Bf8 24. Rd3 Qc7 25. Nc3 a5 26. Bd2 Bc6 27. Bg6 h6 28. g4 a4 29. g5 axb3 30. gxf6 bxa2 31. f7+ Kh8 32. f6 {1-0 (32) Poulsen,A (2590)-Cayford,R (2525) ICCF corr 1996}) 15... Rad8 $146 ({Predecessor:} 15... Bf6 16. Rd1 Rad8 17. Kh1 Rfe8 18. Bf2 Nb8 19. Bh4 Bxh4 20. Qxh4 Nc6 21. f5 Ne5 22. f6 Ng6 {0-1 (40) Jemelka,L-Pletanek,J Czechoslovakia 1989}) 16. Qg3 Nb8 17. f5 {Bh6 is the strong threat.} Bf6 18. fxe6 fxe6 19. Qh3 Bc8 20. Bg4 Qe7 21. Ne2 (21. Na4 $15) 21... Nc6 ({Black should play} 21... Bxb2 $17 22. Rab1 Rxf1+ 23. Rxf1 Nc6) 22. Nf4 $15 {[%cal Rg4e6]} Bxb2 23. Nxe6 Bxe6 24. Bxe6+ Kh8 25. Rab1 Bd4 26. Bd5 Bxe3+ 27. Qxe3 Ne5 28. h3 Qh4 29. Qa3 h6 30. Rxf8+ Rxf8 31. Rf1 Rxf1+ 32. Kxf1 Qf4+ 33. Kg1 Kh7 34. Qxa6 Qg3 35. Kh1 Qe1+ 36. Kh2 Qf2 {( -> ...Nf3+)} 37. Kh1 Qf8 38. Qa3 Qf1+ 39. Kh2 Qf2 40. Qg3 Qxa2 41. Qf4 {Black must now prevent Qf5+.} h5 42. Qf5+ Kh6 {[#]} ({Better is} 42... g6 $1 $14 43. Qf8 Qd2) 43. Qe6+ $1 $18 Ng6 {[#]} 44. Qxd6 $2 (44. e5 $1 $18 {White threatens Be4 and mate.} Qe2 45. exd6 Qe5+ 46. Kg1 Qxe6 47. Bxe6) 44... Qf2 $11 {The position is equal.} 45. Qg3 Qd4 46. h4 Qf6 47. Qe3+ Kh7 $1 48. Qg5 {[%cal Rg5h5]} Qe5+ 49. Kh3 Qc3+ 50. g3 {[%cal Rg5h5]} Qf3 {[%cal Rf3h1]} 51. e5 Qf1+ 52. Bg2 Qe2 53. Qf5 {aiming for Be4.} Qxe5 54. Be4 Qxf5+ 55. Bxf5 Kh6 56. Bxg6 Kxg6 57. g4 hxg4+ 58. Kxg4 {[%mdl 4096] Endgame KPP-KPP} Kh6 59. h5 g5 60. hxg6 $1 Kxg6 61. Kf4 {Ke5 would kill now.} Kf6 62. Ke4 {Threatening mate with Kd5.} Ke6 63. Kf4 Kf6 64. Ke4 {White wants to mate with Kd5.} Ke6 65. Kf4 {Accuracy: White = 61%, Black = 62%.} 1/2-1/2

[Event "21st Dubai Open 2019"]
[Site "Dubai"]
[Date "2019.04.03"]
[Round "3.26"]
[White "Vignesh N R"]
[Black "Pranav Vijay"]
[Result "1/2-1/2"]
[WhiteElo "2457"]
[BlackElo "2265"]
[Annotator "TA"]
[PlyCount "75"]
[EventDate "2019.04.01"]
[EventType "swiss"]
[EventCountry "UAE"]
[SourceTitle "playchess.com"]
[Source "ChessBase"]
[SourceQuality "1"]

{[%evp 20,75,38,41,56,48,56,65,53,33,39,29,33,33,33,33,33,33,33,33,33,33,41,33,35,8,8,8,8,8,37,14,16,0,8,8,8,9,25,8,9,9,9,0,0,0,8,0,0,0,0,0,0,0,0,0,0,0]} 1. e4 e5 2. Nf3 Nc6 3. Bc4 Nf6 4. d3 Be7 5. O-O O-O 6. Re1 d6 7. a4 Na5 8. Ba2 {C55: Two Knights: 4 d3, 4 d4 exd4 5 e5 and Max Lange Attack} c5 9. Nc3 Nc6 10. Nd5 Be6 11. c3 {LiveBook: 4 Games} Re8 12. Ng5 $146 ({Predecessor:} 12. h3 h6 13. Nxe7+ Qxe7 14. Bxe6 Qxe6 15. Nh4 d5 {0-1 (52) Fruebing,S (2381)-Nikolic,P (2622) Germany 2016}) 12... Bxd5 13. exd5 Nb8 $1 14. Qf3 Nbd7 15. Bc4 a6 16. a5 h6 17. Ne4 Nxe4 18. dxe4 Bg5 19. g3 Bxc1 20. Rexc1 Nf6 21. Kg2 g6 22. b4 cxb4 23. cxb4 Kg7 24. Bd3 Qe7 25. Qe3 Rec8 26. Qb6 Rab8 27. f3 Nd7 28. Qe3 Qd8 29. h4 Rxc1 {The position is equal.} 30. Rxc1 Rc8 31. Rc4 Rxc4 32. Bxc4 Qc7 33. Qb3 Nf6 34. Qc2 b5 35. Bd3 Qa7 36. Qf2 Qc7 {[#] Strongly threatening ...Qc3.} 37. Qc2 Qa7 38. Qf2 {Accuracy: White = 36%, Black = 73%.} 1/2-1/2